| 000 | 00404 a2200121 4500 | ||
|---|---|---|---|
| 020 | _a0471329444 (cloth : alk. paper) | ||
| 082 | _a910.285 MAL | ||
| 100 | _aMalczewski, Jacek. | ||
| 245 |
_aGIS and multicriteria decision analysis / _cJacek Malczewski. |
||
| 260 |
_aNew York : _bJ. Wiley & Sons, _c1999. |
||
| 300 |
_axv, 392 p. : _bill. (some col.) ; _c25 cm. |
||
| 650 | _aGeographic information systems. | ||
| 650 | _aDecision making. | ||
| 999 |
_c1855 _d1855 |
||